Asesinato en el Orient Express

Adaptación de una de las novelas más conocidas de Agatha Christie. Narra la historia de un asesinato perpetrado durante un viaje en el legendario Orient Express. La investigación del famoso detective belga Hercules Poirot (Albert Finney) tropieza con grandes dificultades, pues los ilustres pasajeros...

Descripción completa

Guardado en:
Autor Principal: Lumet, Sidney.
Autor Corporativo: EMI Films.
Otros Autores: Christie, Agatha; Novela., Finney, Albert; Reparto., Bacall, Lauren; Reparto., Bergman, Ingrid; Reparto., Connery, Sean; Reparto., Perkins, Anthony; Reparto., Redgravev, Vanessa; Reparto.
Formato: Deslizar
Idioma:Undetermined
Publicado: Estados Unidos : Anglo-EMI Film Distributors, 1974.
Materias:
Etiquetas: Agregar Etiqueta
Sin Etiquetas, Sea el primero en etiquetar este registro!
LEADER 01490ngm a22003015a 4500
001 CEM.cems020678
008 231122s1974####xx#---############vlund#d
005 20231122213456.0
245 1 0 |a Asesinato en el Orient Express  |h [videograbación] /  |c Sidney Lumet. 
260 |a Estados Unidos :  |b Anglo-EMI Film Distributors,  |c 1974. 
300 |a 121'. 
520 |a Adaptación de una de las novelas más conocidas de Agatha Christie. Narra la historia de un asesinato perpetrado durante un viaje en el legendario Orient Express. La investigación del famoso detective belga Hercules Poirot (Albert Finney) tropieza con grandes dificultades, pues los ilustres pasajeros disponen de una coartada que los excluye como sospechosos. 
590 |a Identificación anterior: 300 
538 |a Soporte: DVD -- Formato: DVD – Peso: 6.91gb -- Resolución: 720 x 480 -- 29.97fps 
500 |a Título original: Murder on the Orient Express – Idioma: Inglés – Subtítulos: Español, inglés y coreano. 
100 1 |a Lumet, Sidney. 
700 1 |a Christie, Agatha; Novela. 
700 1 |a Finney, Albert; Reparto. 
700 1 |a Bacall, Lauren; Reparto. 
700 1 |a Bergman, Ingrid; Reparto. 
700 1 |a Connery, Sean; Reparto. 
700 1 |a Perkins, Anthony; Reparto. 
700 1 |a Redgravev, Vanessa; Reparto. 
710 2 |a EMI Films. 
653 |a FICCIÓN 
653 |a ADAPTACIÓN 
653 |a LARGOMETRAJE 
859 |a CEMS  |b BIB. CEMS - Depto. Recursos Didacticos  |h 778.5  |i LUM-1  |k DRD  |p 3241.23  |t Ej.1